| 000 | 00688cam a2200181ua 4500 | ||
|---|---|---|---|
| 020 | _c4.50 | ||
| 041 |
_ahin _h |
||
| 082 |
_a891.54 _bBAN/BH |
||
| 110 | 1 |
_aBangeeya hindi parishat . _b _c() |
|
| 245 |
_aBharatendu kala / _cBangeeya hindi parishat. _hTextual Documents |
||
| 250 |
_a1 / _b. |
||
| 260 |
_aCalcutta : _bBangeeya hindi parishat , _c1955. |
||
| 300 | _a136 ; . | ||
| 365 | _a4.50 | ||
| 504 | _a | ||
| 942 | _cBK | ||
| 999 |
_c8429 _d8429 |
||